[Event "Moscow1"]
[Site "Moscow"]
[Date "1986.??.??"]
[Round "?"]
[White "Osnos, Viatcheslav"]
[Black "Dokhoian, Yury"]
[Result "0-1"]
[WhiteElo "2435"]
[BlackElo "2365"]
[PlyCount "125"]
[EventDate "1986.??.??"]
[EventType "tourn"]
[EventRounds "9"]
[EventCountry "URS"]
[SourceTitle "EXT 2004"]
[Source "ChessBase"]
[SourceDate "2003.11.25"]
[SourceVersion "1"]
[SourceVersionDate "2003.11.25"]
[SourceQuality "1"]

1. c4 Nf6 2. Nf3 c6 3. d4 d5 4. Nc3 dxc4 5. e3 b5 6. a4 b4 7. Nb1 Ba6 8. Nfd2
e6 9. Nxc4 Nbd7 10. Nbd2 c5 11. Nf3 Bb7 12. Bd3 Be7 13. O-O O-O 14. Qe2 a5 15.
Rd1 cxd4 16. exd4 Nb6 17. Nfe5 Nxc4 18. Bxc4 Rc8 19. Be3 Nd5 20. Rac1 Bd6 21.
f4 Qh4 22. Rf1 g6 23. g3 Qe7 24. h3 Rc7 25. Bb3 Rd8 26. Bf2 Rdc8 27. Rxc7 Qxc7
28. Kh2 Nf6 29. Be3 Bd5 30. Bxd5 Nxd5 31. Rc1 Qb8 32. Nd7 Qa8 33. Nc5 h5 34.
Ne4 Rxc1 35. Bxc1 Qc6 36. Nxd6 Qxd6 37. Qb5 Qc7 38. Qc5 Qxc5 39. dxc5 Kf8 40.
Kg2 Ke7 41. Kf3 Kd7 42. Ke4 Kc6 43. Kd4 Nf6 44. Be3 Nd7 45. Kc4 f6 46. g4 hxg4
47. hxg4 e5 48. f5 g5 49. Bf2 Nb8 50. Be3 Na6 51. Bg1 Nc7 52. Bf2 Nd5 53. Kd3
Ne7 54. Ke4 Ng8 55. b3 Nh6 56. Kf3 Kd5 57. Be3 Ng8 58. Ke2 Ne7 59. Kf2 Nc6 60.
Ke2 Nd4+ 61. Bxd4 exd4 62. Kd3 Kxc5 63. Ke4 0-1

[Event "URS"]
[Site "Soviet Union"]
[Date "1986.??.??"]
[Round "?"]
[White "Dokhoian, Yury"]
[Black "Neverov, Valeriy"]
[Result "1-0"]
[WhiteElo "2365"]
[BlackElo "2465"]
[PlyCount "69"]
[EventDate "1986.??.??"]
[EventType "game"]
[EventRounds "9"]
[EventCountry "URS"]
[SourceTitle "EXT 2010"]
[Source "ChessBase"]
[SourceDate "2010.11.25"]
[SourceVersion "1"]
[SourceVersionDate "2010.11.25"]
[SourceQuality "1"]

1. d4 Nf6 2. c4 g6 3. Nc3 Bg7 4. e4 d6 5. f3 O-O 6. Be3 b6 7. Bd3 a6 8. d5 c5
9. a4 e6 10. Nge2 exd5 11. cxd5 Nbd7 12. Ng3 h5 13. O-O Nh7 14. f4 h4 15. Nh1
f5 16. Nf2 Re8 17. Bd2 Ndf6 18. Qc2 fxe4 19. Nfxe4 Ng4 20. Nf2 Nxf2 21. Rxf2
Bf5 22. Bxf5 gxf5 23. Qxf5 Bd4 24. Ne4 Qe7 25. Re1 Qg7 26. Bc3 Re7 27. Bxd4
cxd4 28. Rc1 d3 29. Nxd6 Qf6 30. Qxf6 Nxf6 31. Nf5 Re4 32. d6 Rae8 33. Rd1 Ng4
34. Ne7+ Kf7 35. Rf3 1-0

[Event "URS"]
[Site "Soviet Union"]
[Date "1986.??.??"]
[Round "?"]
[White "Dokhoian, Yury"]
[Black "Yakovich, Yuri"]
[Result "1-0"]
[WhiteElo "2370"]
[BlackElo "2480"]
[PlyCount "59"]
[EventDate "1986.??.??"]
[EventType "game"]
[EventRounds "9"]
[EventCountry "URS"]
[SourceTitle "EXT 2008"]
[Source "ChessBase"]
[SourceDate "2007.11.25"]
[SourceVersion "1"]
[SourceVersionDate "2007.11.25"]
[SourceQuality "1"]

1. d4 d5 2. Nf3 c5 3. c4 dxc4 4. e4 cxd4 5. Bxc4 Nc6 6. O-O e6 7. e5 Nge7 8.
Nbd2 Ng6 9. Re1 Be7 10. a3 O-O 11. b4 b6 12. Re4 Bb7 13. Bb2 Rc8 14. Qe2 Rc7
15. Rg4 Rd7 16. Re1 d3 17. Qd1 a5 18. b5 Nb8 19. g3 Bd5 20. h4 h5 21. Rd4 Bxc4
22. Nxc4 Rxd4 23. Nxd4 Bc5 24. Qxd3 Qd5 25. Re4 Rc8 26. a4 Nd7 27. Qe2 Bf8 28.
Nc6 Rc7 29. Rd4 Qc5 30. Ba3 1-0

[Event "URS-ch U20"]
[Site "Tallinn"]
[Date "1986.??.??"]
[Round "?"]
[White "Dokhoian, Yury"]
[Black "Glek, Igor Vladimirovich"]
[Result "1-0"]
[WhiteElo "2365"]
[BlackElo "2430"]
[PlyCount "82"]
[EventDate "1986.01.??"]
[EventType "tourn"]
[EventRounds "15"]
[EventCountry "URS"]
[EventCategory "8"]
[SourceTitle "EXT 1999"]
[Source "ChessBase"]
[SourceDate "1998.11.16"]
[SourceVersion "1"]
[SourceVersionDate "1998.11.16"]
[SourceQuality "1"]

1. d4 Nf6 2. c4 g6 3. Nc3 Bg7 4. e4 d6 5. Be2 O-O 6. Bg5 Nbd7 7. f3 a6 8. Nh3
c6 9. Nf2 b5 10. Qd2 bxc4 11. Bxc4 d5 12. Be2 dxe4 13. fxe4 e5 14. d5 cxd5 15.
exd5 Nb6 16. d6 Be6 17. O-O Nc4 18. Bxc4 Bxc4 19. Rfe1 Re8 20. Rad1 Qb6 21. Kh1
Nd7 22. Ng4 Qd4 23. Ne4 Qxd2 24. Rxd2 Bxa2 25. Ngf6+ Bxf6 26. Nxf6+ Nxf6 27.
Bxf6 Re6 28. Rf1 Rxf6 29. Rxf6 Rd8 30. Rf3 Bc4 31. Rc3 Bb5 32. Kg1 e4 33. Rd4
Bd3 34. g4 f5 35. gxf5 gxf5 36. Rc5 f4 37. Rf5 f3 38. d7 Bb5 39. Rxe4 Rxd7 40.
Rg4+ Rg7 41. Rxg7+ Kxg7 1-0

[Event "URS-ch U20"]
[Site "Tallinn"]
[Date "1986.??.??"]
[Round "?"]
[White "Dokhoian, Yury"]
[Black "Malisauskas, Vidmantas"]
[Result "1-0"]
[WhiteElo "2365"]
[BlackElo "2385"]
[PlyCount "82"]
[EventDate "1986.01.??"]
[EventType "tourn"]
[EventRounds "15"]
[EventCountry "URS"]
[EventCategory "8"]
[SourceTitle "EXT 1999"]
[Source "ChessBase"]
[SourceDate "1998.11.16"]
[SourceVersion "1"]
[SourceVersionDate "1998.11.16"]
[SourceQuality "1"]

1. d4 Nf6 2. c4 g6 3. f3 d5 4. cxd5 Nxd5 5. e4 Nb6 6. Nc3 Bg7 7. Be3 Nc6 8. d5
Ne5 9. Bd4 g5 10. h4 h6 11. hxg5 hxg5 12. Bb5+ Kf8 13. Rxh8+ Bxh8 14. f4 Bg4
15. Be2 Bxe2 16. Ngxe2 gxf4 17. Nxf4 Qd6 18. Qh5 Bg7 19. Ke2 Nbd7 20. Rf1 Kg8
21. Qg5 Qb4 22. Rd1 Qxb2+ 23. Rd2 Qa3 24. Nh5 Qa6+ 25. Nb5 Qh6 26. Qxg7+ Qxg7
27. Nxg7 Kxg7 28. Rc2 c6 29. dxc6 bxc6 30. Rxc6 Rb8 31. Rc7 f6 32. Nxa7 Rb4 33.
Ke3 Ra4 34. Nc8 Rxa2 35. Nxe7 Rxg2 36. Nd5 Kf8 37. Kf4 Kf7 38. Bxe5 fxe5+ 39.
Kf3 Ra2 40. Rxd7+ Ke6 41. Rc7 Kd6 1-0

[Event "URS-ch U20"]
[Site "Tallinn"]
[Date "1986.??.??"]
[Round "?"]
[White "Dokhoian, Yury"]
[Black "Pigusov, Evgeny"]
[Result "1-0"]
[WhiteElo "2365"]
[BlackElo "2495"]
[PlyCount "79"]
[EventDate "1986.01.??"]
[EventType "tourn"]
[EventRounds "15"]
[EventCountry "URS"]
[EventCategory "8"]
[SourceTitle "EXT 1999"]
[Source "ChessBase"]
[SourceDate "1998.11.16"]
[SourceVersion "1"]
[SourceVersionDate "1998.11.16"]
[SourceQuality "1"]

1. d4 d5 2. c4 e6 3. Nc3 Nf6 4. cxd5 exd5 5. Bg5 c6 6. Qc2 Be7 7. e3 O-O 8. Bd3
Nbd7 9. Nge2 Re8 10. O-O Nf8 11. f3 h6 12. Bh4 N6d7 13. Bxe7 Qxe7 14. e4 Nb6
15. e5 c5 16. f4 Bd7 17. Qd2 Rac8 18. Rae1 f6 19. Ng3 cxd4 20. Nb5 fxe5 21.
Rxe5 Qf6 22. Nh5 Qh4 23. g3 Qh3 24. Nxg7 Kxg7 25. Nd6 Rxe5 26. fxe5 Be6 27. Qb4
Ra8 28. Nf5+ Kg8 29. Qe7 Bxf5 30. Rxf5 Nbd7 31. Qf7+ Kh8 32. e6 Qg4 33. exd7
Qg7 34. Qxg7+ Kxg7 35. Rxd5 Rd8 36. Bf5 Kf6 37. g4 h5 38. gxh5 d3 39. Kf2 Ne6
40. Bxe6 1-0

[Event "URS-ch sf"]
[Site "Sevastopol"]
[Date "1986.??.??"]
[Round "?"]
[White "Dokhoian, Yury"]
[Black "Efimov, Igor"]
[Result "1-0"]
[WhiteElo "2365"]
[BlackElo "2435"]
[PlyCount "119"]
[EventDate "1986.08.??"]
[EventType "swiss"]
[EventRounds "11"]
[EventCountry "URS"]
[SourceTitle "EXT 1998"]
[Source "ChessBase"]
[SourceDate "1997.11.17"]
[SourceVersion "1"]
[SourceVersionDate "1997.11.17"]
[SourceQuality "1"]

1. d4 c6 2. c4 Qa5+ 3. Nc3 b5 4. e4 Nf6 5. e5 Ne4 6. Qc2 Nxc3 7. bxc3 bxc4 8.
Bxc4 d5 9. exd6 exd6 10. Nf3 Be7 11. O-O O-O 12. Re1 Bf5 13. Bd3 Bxd3 14. Qxd3
Bf6 15. Bf4 Qd8 16. Rab1 h6 17. Rb7 Qc8 18. Reb1 Rd8 19. Nd2 Qe6 20. Ne4 Be7
21. Re1 Nd7 22. Qb1 Qd5 23. Qb3 Qxb3 24. axb3 d5 25. Ng3 Bf8 26. Nf5 Nf6 27. f3
c5 28. Ne7+ Kh7 29. dxc5 d4 30. cxd4 Rxd4 31. Be3 Rd3 32. Bf2 a5 33. c6 Re8 34.
Kf1 Bxe7 35. Rexe7 Rxe7 36. Rxe7 Rxb3 37. c7 Rc3 38. Bg3 a4 39. Rxf7 a3 40. Be5
Rc1+ 41. Ke2 a2 42. Bxf6 Kg6 43. Bb2 Rc2+ 44. Kd3 Rxb2 45. c8=Q Kxf7 46. Qc4+
Kf8 47. Qc5+ Kg8 48. Qd5+ Kh7 49. Qe4+ Kh8 50. Qa8+ Kh7 51. g4 Rxh2 52. Ke4
Re2+ 53. Kf5 Rb2 54. f4 Rb5+ 55. Ke4 Rb4+ 56. Kf3 Rb3+ 57. Kg2 Rb2+ 58. Kg3
Rb3+ 59. Kh4 Rb4 60. f5 1-0

[Event "URS-ch sf"]
[Site "Sevastopol"]
[Date "1986.??.??"]
[Round "?"]
[White "Dokhoian, Yury"]
[Black "Kruppa, Yuri"]
[Result "1-0"]
[WhiteElo "2365"]
[BlackElo "2445"]
[PlyCount "81"]
[EventDate "1986.08.??"]
[EventType "swiss"]
[EventRounds "11"]
[EventCountry "URS"]
[SourceTitle "EXT 1998"]
[Source "ChessBase"]
[SourceDate "1997.11.17"]
[SourceVersion "1"]
[SourceVersionDate "1997.11.17"]
[SourceQuality "1"]

1. d4 d5 2. c4 e6 3. Nc3 Be7 4. cxd5 exd5 5. Bf4 Nf6 6. e3 O-O 7. Nf3 Bf5 8.
Ne5 c5 9. g4 cxd4 10. exd4 Be6 11. Bg2 Nc6 12. h3 Nd7 13. Nf3 Re8 14. O-O Nf8
15. Re1 Ng6 16. Bg3 Rc8 17. Rc1 Qd7 18. Rc2 Red8 19. Rce2 Na5 20. Qc1 Bd6 21.
Ng5 Bxg3 22. fxg3 Nf8 23. Qf4 Nc6 24. Qf2 Nb4 25. Re3 Nc6 26. R3e2 Nb4 27. Rd2
Nc6 28. Na4 b6 29. Nc3 h6 30. Nf3 f6 31. Nh4 Bf7 32. Nf5 Ng6 33. Rde2 a6 34. h4
b5 35. Bh3 Qa7 36. Kh2 Rc7 37. a3 Qb6 38. Rf1 Na5 39. Bg2 Qb7 40. Nxg7 Kxg7 41.
Qxf6+ 1-0

[Event "URS-ch sf"]
[Site "Sevastopol"]
[Date "1986.??.??"]
[Round "?"]
[White "Dokhoian, Yury"]
[Black "Kuzmin, Alexey"]
[Result "1-0"]
[WhiteElo "2365"]
[BlackElo "2355"]
[PlyCount "95"]
[EventDate "1986.08.??"]
[EventType "swiss"]
[EventRounds "11"]
[EventCountry "URS"]
[SourceTitle "EXT 1998"]
[Source "ChessBase"]
[SourceDate "1997.11.17"]
[SourceVersion "1"]
[SourceVersionDate "1997.11.17"]
[SourceQuality "1"]

1. d4 d5 2. c4 e6 3. Nc3 Be7 4. cxd5 exd5 5. Bf4 Nf6 6. e3 Bf5 7. Nge2 c6 8.
Ng3 Bg6 9. Bd3 Bxd3 10. Qxd3 O-O 11. Nf5 Nbd7 12. h3 Re8 13. Nxe7+ Qxe7 14. O-O
Ne4 15. Ne2 Nf8 16. Bh2 Ng6 17. Rae1 Rad8 18. f3 Nf6 19. Nc3 Qd7 20. Re2 Re7
21. Rd1 a6 22. Kh1 Rde8 23. e4 dxe4 24. fxe4 h6 25. Qf3 Nh7 26. Qf2 Nf6 27. e5
Nd5 28. Ne4 f5 29. Nd6 Rf8 30. h4 Re6 31. Nxf5 Ndf4 32. Bxf4 Rxf5 33. Re4 Qd5
34. Rde1 Qxa2 35. h5 Rxh5+ 36. Bh2 Qd5 37. Rg4 Kh7 38. Rf1 c5 39. Qf7 Rg5 40.
Rxg5 hxg5 41. Rf6 Nf8 42. Rf5 Qxd4 43. Qxf8 Rh6 44. Rf2 g4 45. Qf5+ Kh8 46.
Qf8+ Kh7 47. Qf5+ Kh8 48. Kg1 1-0

[Event "URS-ch FL54"]
[Site "Irkutsk"]
[Date "1986.??.??"]
[Round "?"]
[White "Razuvaev, Yuri S"]
[Black "Dokhoian, Yury"]
[Result "0-1"]
[WhiteElo "2535"]
[BlackElo "2450"]
[PlyCount "76"]
[EventDate "1986.10.??"]
[EventType "tourn"]
[EventRounds "17"]
[EventCountry "URS"]
[EventCategory "10"]
[SourceTitle "TD"]
[Source "ChessBase"]
[SourceDate "1994.03.01"]
[SourceVersion "1"]
[SourceVersionDate "1994.03.01"]
[SourceQuality "1"]

1. d4 d5 2. Nf3 Nf6 3. c4 c6 4. Nc3 dxc4 5. a4 Bf5 6. e3 e6 7. Bxc4 Bb4 8. O-O
Nbd7 9. Nh4 O-O 10. f3 Bg6 11. Nxg6 hxg6 12. Qc2 Rc8 13. Ba2 Qe7 14. Rd1 c5 15.
d5 c4 16. dxe6 Qxe6 17. e4 Qb6+ 18. Kf1 Ne5 19. Qe2 Bc5 20. Nd5 Nxd5 21. Rxd5
Qf6 22. Be3 Bxe3 23. Qxe3 Nd3 24. e5 Qc6 25. Rb5 Rfe8 26. b3 c3 27. Qxd3 c2 28.
Rc1 Red8 29. Qe3 Rd1+ 30. Ke2 Rxc1 31. Qxc1 Rd8 32. Bb1 cxb1=Q 33. Qxb1 Qc3 34.
Qe1 Qc2+ 35. Ke3 Rd3+ 36. Kf4 Qxg2 37. Qg3 Rd4+ 38. Kg5 Qc2 0-1

[Event "URS-ch U26"]
[Site "Uzhgorod"]
[Date "1987.??.??"]
[Round "?"]
[White "Dokhoian, Yury"]
[Black "Yakovich, Yuri"]
[Result "1-0"]
[WhiteElo "2530"]
[BlackElo "2450"]
[PlyCount "67"]
[EventDate "1987.??.??"]
[EventType "tourn"]
[EventRounds "15"]
[EventCountry "URS"]
[EventCategory "8"]
[SourceTitle "EXT 1997"]
[Source "ChessBase"]
[SourceDate "1996.11.15"]
[SourceVersion "1"]
[SourceVersionDate "1996.11.15"]
[SourceQuality "1"]

1. d4 d5 2. Nf3 Nf6 3. c4 dxc4 4. Nc3 e6 5. e4 Bb4 6. Bg5 b5 7. a4 c6 8. e5 h6
9. exf6 hxg5 10. fxg7 Rg8 11. h4 g4 12. Ne5 Rxg7 13. h5 f5 14. Be2 c5 15. h6
Rh7 16. Bxg4 Qxd4 17. Bh5+ Ke7 18. Ng6+ Kf6 19. Qc1 Bxc3+ 20. bxc3 Qe4+ 21. Kf1
Bb7 22. Bf3 Qd3+ 23. Be2 Qd6 24. Rh3 Kxg6 25. Rg3+ Qxg3 26. fxg3 Rxh6 27. Qb2
Rh2 28. Rd1 Na6 29. Qxb5 Bxg2+ 30. Ke1 Nc7 31. Qxc4 Nd5 32. g4 f4 33. Qxc5 Rf8
34. Qxf8 1-0

[Event "URS-ch U26"]
[Site "Uzhgorod"]
[Date "1987.??.??"]
[Round "?"]
[White "Kruppa, Yuri"]
[Black "Dokhoian, Yury"]
[Result "0-1"]
[WhiteElo "2455"]
[BlackElo "2530"]
[PlyCount "82"]
[EventDate "1987.??.??"]
[EventType "tourn"]
[EventRounds "15"]
[EventCountry "URS"]
[EventCategory "8"]
[SourceTitle "EXT 1997"]
[Source "ChessBase"]
[SourceDate "1996.11.15"]
[SourceVersion "1"]
[SourceVersionDate "1996.11.15"]
[SourceQuality "1"]

1. e4 e6 2. d4 d5 3. Nd2 c5 4. Ngf3 Nf6 5. exd5 Nxd5 6. Nb3 cxd4 7. Nbxd4 Be7
8. Bc4 O-O 9. O-O Nc6 10. Nxc6 bxc6 11. Qe2 Bb7 12. Ne5 Qc7 13. Bd2 Bd6 14. f4
c5 15. Rae1 Ne7 16. Bd3 Ng6 17. Bxg6 fxg6 18. c4 Rf5 19. Nd3 Re8 20. Bc3 g5 21.
Qg4 Ref8 22. Rf2 Bc8 23. Ne5 gxf4 24. Rfe2 h6 25. Qg6 R8f6 26. Qe8+ Kh7 27. Qa4
Bb7 28. Qc2 Kg8 29. Ng4 Rg6 30. Rxe6 Qf7 31. Rxg6 Qxg6 32. Ne5 Qg5 33. h4 Qh5
34. Nf3 Bxf3 35. gxf3 Bf8 36. Qf2 Qf7 37. b3 Be7 38. Rd1 Rh5 39. Rd7 Bxh4 40.
Qd2 Qg6+ 41. Kf1 Bf6 0-1

[Event "URS-ch otbor"]
[Site "Pavlodar"]
[Date "1987.??.??"]
[Round "?"]
[White "Lukin, Andrei M"]
[Black "Dokhoian, Yury"]
[Result "0-1"]
[WhiteElo "2445"]
[BlackElo "2525"]
[PlyCount "62"]
[EventDate "1987.??.??"]
[EventType "swiss"]
[EventRounds "11"]
[EventCountry "URS"]
[SourceTitle "EXT 1997"]
[Source "ChessBase"]
[SourceDate "1996.11.15"]
[SourceVersion "1"]
[SourceVersionDate "1996.11.15"]
[SourceQuality "1"]

1. c4 e6 2. Nf3 d5 3. b3 Nf6 4. g3 c5 5. Bg2 d4 6. O-O Nc6 7. e3 Bd6 8. exd4
cxd4 9. d3 h6 10. Na3 O-O 11. Nc2 e5 12. Rb1 Bf5 13. b4 Rc8 14. Ba3 Re8 15. Re1
Qd7 16. Qd2 b6 17. b5 Na5 18. Bxd6 Qxd6 19. Nh4 Bh7 20. Bh3 Rcd8 21. Nf5 Bxf5
22. Bxf5 e4 23. Nb4 e3 24. Qe2 Qc5 25. Bh3 exf2+ 26. Qxf2 Rxe1+ 27. Qxe1 Re8
28. Qd2 Nxc4 29. dxc4 d3+ 30. Qf2 d2 31. Qxc5 Re1+ 0-1

[Event "URS-ch otbor"]
[Site "Pavlodar"]
[Date "1987.??.??"]
[Round "?"]
[White "Sideif Sade, Fikret Israfil O"]
[Black "Dokhoian, Yury"]
[Result "0-1"]
[WhiteElo "2360"]
[BlackElo "2530"]
[PlyCount "120"]
[EventDate "1987.??.??"]
[EventType "swiss"]
[EventRounds "11"]
[EventCountry "URS"]
[SourceTitle "EXT 2002"]
[Source "ChessBase"]
[SourceDate "2001.11.25"]
[SourceVersion "1"]
[SourceVersionDate "2001.11.25"]
[SourceQuality "1"]

1. d4 d5 2. c4 c6 3. Nf3 Nf6 4. Nc3 dxc4 5. a4 Bf5 6. Ne5 e6 7. f3 Bb4 8. Nxc4
O-O 9. Bg5 h6 10. Bh4 c5 11. dxc5 Qxd1+ 12. Rxd1 Bc2 13. Rd2 Bb3 14. e4 Nbd7
15. Bxf6 Nxf6 16. Nd6 Rab8 17. Bc4 Bxc4 18. Nxc4 Rfc8 19. Rd3 Rxc5 20. Ne3 Rbc8
21. Kd2 Kf8 22. Nc2 Bxc3+ 23. Rxc3 Rxc3 24. bxc3 Nd7 25. Rb1 Rc7 26. Nd4 a6 27.
Rb4 Ke7 28. Nb3 b6 29. Kd3 Ne5+ 30. Kc2 Nd7 31. Kd3 g5 32. Kc2 Rc8 33. Nc1 h5
34. Nd3 f6 35. Kd2 a5 36. Rb5 Rc4 37. Nb2 Rc5 38. Rb3 Kd6 39. Nd3 Rc4 40. Nb2
Rc6 41. Nd3 h4 42. Ke3 Nc5 43. e5+ fxe5 44. Nxc5 Kxc5 45. Rb5+ Kc4 46. Rxe5 Kb3
47. Rxg5 Rxc3+ 48. Kd2 Rc4 49. g4 hxg3 50. hxg3 Kxa4 51. g4 b5 52. Re5 b4 53.
Rxe6 b3 54. g5 b2 55. Rb6 Ka3 56. g6 Rb4 57. Rxb4 axb4 58. g7 b1=Q 59. g8=Q
Qa2+ 60. Qxa2+ Kxa2 0-1

[Event "URS-ch FL55"]
[Site "Sverdlovsk"]
[Date "1987.??.??"]
[Round "?"]
[White "Dokhoian, Yury"]
[Black "Huzman, Alexander"]
[Result "1-0"]
[WhiteElo "2525"]
[BlackElo "2500"]
[PlyCount "75"]
[EventDate "1987.11.??"]
[EventType "tourn"]
[EventRounds "17"]
[EventCountry "URS"]
[EventCategory "10"]
[SourceTitle "TD"]
[Source "ChessBase"]
[SourceDate "1994.03.01"]
[SourceVersion "1"]
[SourceVersionDate "1994.03.01"]
[SourceQuality "1"]

1. d4 Nf6 2. c4 g6 3. Nc3 d5 4. cxd5 Nxd5 5. e4 Nxc3 6. bxc3 Bg7 7. Bc4 c5 8.
Ne2 Nc6 9. Be3 O-O 10. O-O Bg4 11. f3 Na5 12. Bd3 cxd4 13. cxd4 Be6 14. Rc1
Bxa2 15. Qa4 Be6 16. d5 Bd7 17. Qb4 e6 18. Nc3 exd5 19. exd5 Re8 20. Bf2 b6 21.
Bh4 Bf8 22. d6 Qb8 23. Bg3 Re6 24. Ne4 Qd8 25. Bb1 Re8 26. Rfd1 b5 27. Ba2 Nc4
28. Bxc4 bxc4 29. Qxc4 Bg7 30. Bf2 a5 31. Bd4 Rc8 32. Qd3 Rxc1 33. Rxc1 Bf5 34.
Bxg7 Kxg7 35. Qd4+ Kh6 36. Nf6 Re6 37. Qh4+ Kg7 38. Nh5+ 1-0

[Event "URS-ch FL55"]
[Site "Sverdlovsk"]
[Date "1987.??.??"]
[Round "?"]
[White "Loginov, Valery A"]
[Black "Dokhoian, Yury"]
[Result "0-1"]
[WhiteElo "2355"]
[BlackElo "2525"]
[PlyCount "102"]
[EventDate "1987.11.??"]
[EventType "tourn"]
[EventRounds "17"]
[EventCountry "URS"]
[EventCategory "10"]
[SourceTitle "TD"]
[Source "ChessBase"]
[SourceDate "1994.03.01"]
[SourceVersion "1"]
[SourceVersionDate "1994.03.01"]
[SourceQuality "1"]

1. Nf3 d5 2. g3 c5 3. Bg2 Nc6 4. O-O e5 5. d3 Be7 6. e4 d4 7. a4 Bg4 8. Na3 Qd7
9. Nc4 f6 10. h3 Be6 11. a5 Bd8 12. Bd2 Nge7 13. Nh2 O-O 14. h4 Bc7 15. Bf3 b5
16. axb6 axb6 17. Rxa8 Rxa8 18. Na3 Nd8 19. Bg4 b5 20. Bxe6+ Nxe6 21. Qg4 Rb8
22. f4 exf4 23. gxf4 Nf8 24. f5 Nfg6 25. Kh1 Ne5 26. Qh3 N7c6 27. Rg1 Kh8 28.
h5 Bd6 29. Qh4 Qf7 30. h6 g5 31. fxg6 hxg6 32. Rf1 Be7 33. Qg3 Qe6 34. Bf4 Rb7
35. Nb1 Bf8 36. Bg5 Rf7 37. Bf4 Rh7 38. Nd2 Bxh6 39. Ra1 Bxf4 40. Qxf4 Kg7 41.
Ndf1 c4 42. dxc4 Qxc4 43. Qf2 d3 44. cxd3 Nxd3 45. Qe2 Qd4 46. Qe3 Rxh2+ 47.
Kxh2 Qxb2+ 48. Nd2 Qxa1 49. Qxd3 Qd4 50. Qe2 Ne5 51. Kg2 b4 0-1

[Event "Plovdiv"]
[Site "Plovdiv"]
[Date "1988.??.??"]
[Round "?"]
[White "Dokhoian, Yury"]
[Black "Lukov, Valentin"]
[Result "1-0"]
[WhiteElo "2515"]
[BlackElo "2460"]
[PlyCount "85"]
[EventDate "1988.??.??"]
[EventType "tourn"]
[EventRounds "11"]
[EventCountry "BUL"]
[EventCategory "10"]
[SourceTitle "EXT 2002"]
[Source "ChessBase"]
[SourceDate "2001.11.25"]
[SourceVersion "1"]
[SourceVersionDate "2001.11.25"]
[SourceQuality "1"]

1. d4 Nf6 2. c4 e6 3. Nf3 c5 4. d5 exd5 5. cxd5 d6 6. e4 Bg4 7. Qa4+ Nbd7 8.
Nfd2 a6 9. h3 b5 10. Qc2 Bh5 11. a4 Bg6 12. axb5 Nxd5 13. bxa6 Be7 14. Nc3 Nb4
15. Qd1 O-O 16. Bc4 Nb6 17. O-O Bxe4 18. Ncxe4 Nxc4 19. Nxc4 d5 20. Qe2 dxe4
21. Rd1 Qc7 22. Qxe4 Rxa6 23. Rxa6 Nxa6 24. Bf4 Qa7 25. Ra1 Bf6 26. Bd6 Ra8 27.
Ra3 Bd4 28. h4 h6 29. h5 Rd8 30. b3 Qa8 31. Qxa8 Rxa8 32. Bf4 Kh7 33. Nb6 Ra7
34. Kf1 g6 35. g4 f5 36. Nc8 Ra8 37. hxg6+ Kxg6 38. Ne7+ Kf6 39. Nxf5 Bb2 40.
Ra2 Be5 41. Bxh6 Nc7 42. Bg7+ Ke6 43. Re2 1-0

[Event "Plovdiv"]
[Site "Plovdiv"]
[Date "1988.??.??"]
[Round "?"]
[White "Dokhoian, Yury"]
[Black "Popchev, Milko"]
[Result "1-0"]
[WhiteElo "2515"]
[BlackElo "2470"]
[PlyCount "110"]
[EventDate "1988.??.??"]
[EventType "tourn"]
[EventRounds "11"]
[EventCountry "BUL"]
[EventCategory "10"]
[SourceTitle "EXT 2002"]
[Source "ChessBase"]
[SourceDate "2001.11.25"]
[SourceVersion "1"]
[SourceVersionDate "2001.11.25"]
[SourceQuality "1"]

1. d4 d6 2. g3 g6 3. Bg2 Bg7 4. c4 Nf6 5. Nc3 O-O 6. Nf3 Bf5 7. Nh4 Bc8 8. O-O
Nc6 9. Nf3 a6 10. h3 Rb8 11. e4 Nd7 12. Be3 Na5 13. b3 b5 14. cxb5 axb5 15. Rc1
b4 16. Na4 Ba6 17. Re1 Bb5 18. Nb2 c5 19. Nd3 Nf6 20. Bg5 cxd4 21. Nxd4 Bxd3
22. Qxd3 Nd7 23. Rc2 Re8 24. Be3 Nc5 25. Qd2 Qb6 26. Rec1 Qa6 27. Bf1 Qa8 28.
f3 Bxd4 29. Bxd4 Naxb3 30. axb3 Nxb3 31. Qf2 Nxc1 32. Rxc1 Rec8 33. Ra1 Qc6 34.
Bd3 b3 35. Rb1 e5 36. Bb2 Ra8 37. Rd1 Rc7 38. h4 Rac8 39. Kg2 Qb7 40. Rd2 Qb4
41. Kh3 Qa4 42. f4 f6 43. Qf3 Kg7 44. Rf2 Qd7+ 45. Kg2 Kg8 46. fxe5 fxe5 47.
Ba6 Rb8 48. Qf6 Re8 49. h5 Qe6 50. Qg5 Rc2 51. Rxc2 bxc2 52. Bb7 Qe7 53. Bd5+
Kf8 54. Qg4 Qf6 55. Bc1 gxh5 1-0

[Event "Plovdiv"]
[Site "Plovdiv"]
[Date "1988.??.??"]
[Round "?"]
[White "Dokhoian, Yury"]
[Black "Timoscenko, Gennadij A"]
[Result "1-0"]
[WhiteElo "2515"]
[BlackElo "2485"]
[PlyCount "99"]
[EventDate "1988.??.??"]
[EventType "tourn"]
[EventRounds "11"]
[EventCountry "BUL"]
[EventCategory "10"]
[SourceTitle "EXT 2002"]
[Source "ChessBase"]
[SourceDate "2001.11.25"]
[SourceVersion "1"]
[SourceVersionDate "2001.11.25"]
[SourceQuality "1"]

1. d4 d5 2. c4 e6 3. Nc3 Be7 4. Nf3 Nf6 5. Qc2 O-O 6. Bg5 c5 7. dxc5 dxc4 8. e4
Qa5 9. e5 Nd5 10. Bxc4 Nxc3 11. O-O Qxc5 12. Qxc3 Nc6 13. Bxe7 Qxe7 14. a3 Bd7
15. Qe3 Rfd8 16. Bd3 Be8 17. Qe4 g6 18. Qe3 Nb8 19. Be4 Bc6 20. Ng5 h6 21. Bxc6
Nxc6 22. Ne4 Nxe5 23. Qxh6 Rd5 24. Qf4 Nd7 25. Rac1 f5 26. Nc3 Rc5 27. Rcd1 Nf8
28. Qe3 b6 29. Nd5 Qg7 30. Nf4 Re8 31. Qb3 Qf7 32. Nd3 Rd5 33. f4 Red8 34. Ne5
Qe7 35. Rxd5 Rxd5 36. Qg3 Kg7 37. h4 Qd8 38. Kh2 Kh7 39. Rc1 Rc5 40. Re1 Rd5
41. Nf7 Qf6 42. Ng5+ Kh6 43. b4 a5 44. Rc1 axb4 45. axb4 b5 46. Rc8 Rd1 47. Qe3
Nh7 48. Qa7 Kh5 49. Qxh7+ Kg4 50. Qa7 1-0

[Event "Plovdiv"]
[Site "Plovdiv"]
[Date "1988.??.??"]
[Round "?"]
[White "Grivas, Efstratios"]
[Black "Dokhoian, Yury"]
[Result "0-1"]
[WhiteElo "2425"]
[BlackElo "2515"]
[PlyCount "64"]
[EventDate "1988.??.??"]
[EventType "tourn"]
[EventRounds "11"]
[EventCountry "BUL"]
[EventCategory "10"]
[SourceTitle "EXT 2002"]
[Source "ChessBase"]
[SourceDate "2001.11.25"]
[SourceVersion "1"]
[SourceVersionDate "2001.11.25"]
[SourceQuality "1"]

1. d4 d5 2. c4 e6 3. Nc3 c6 4. e4 dxe4 5. Nxe4 Bb4+ 6. Bd2 Qxd4 7. Bxb4 Qxe4+
8. Be2 Na6 9. Bc3 Ne7 10. Nf3 c5 11. O-O f6 12. Re1 Qc6 13. Bd3 Qc7 14. b3 O-O
15. Bb2 Nb4 16. Be4 Bd7 17. a3 Nbc6 18. Qb1 h6 19. b4 Rad8 20. b5 Na5 21. Qc2
b6 22. a4 Nb7 23. Bc3 Nd6 24. Bh7+ Kh8 25. Bd3 e5 26. a5 Bf5 27. axb6 axb6 28.
Nxe5 fxe5 29. Bxe5 Bxd3 30. Qxd3 Nef5 31. Qh3 Kg8 32. Rad1 Qf7 0-1